Religion in Malta - Statistics

General Stats
  • This quiz has been taken 57 times
  • The average score is 4 of 8
Answer Stats
Percentage Religion % Correct
2% Islam
86%
83% Catholic Church
76%
2% Orthodox
72%
2% Protestant
72%
4% No Religion
36%
3% Other Christians
18%
1% Unknown
18%
3% Other Religions
14%
No matching quizzes found
Score Distribution
Percent of People with Each Score
Percentile by Number Answered
Your Score History
You have not taken this quiz